Reparaciones y ajustes en receptores de televisión / (Record no. 137568)

MARC details
000 -LEADER
campo de control de longitud fija 00603nam a2200181 4500
001 - NÚMERO DE CONTROL
campo de control 137568
003 - IDENTIFICADOR DE NÚMERO DE CONTROL
campo de control ES-MaACL
007 - CAMPO FIJO DE DESCRIPCIÓN FÍSICA--INFORMACIÓN GENERAL
campo de control de longitud fija t|
008 - DATOS DE LONGITUD FIJA--INFORMACIÓN GENERAL
campo de control de longitud fija 070214s1955 sp r ||||1| spa d
100 1# - ENTRADA PRINCIPAL--NOMBRE DE PERSONA
Nombre de persona Sánchez-Cordovés, Joaquín.
9 (RLIN) 102553
245 10 - MENCIÓN DEL TÍTULO
Título Reparaciones y ajustes en receptores de televisión /
Mención de responsabilidad, etc. Joaquín Sánchez-Cordovés.
260 ## - PUBLICACIÓN, DISTRIBUCIÓN, ETC.
Lugar de publicación, distribución, etc. Barcelona :
Nombre del editor, distribuidor, etc. Labor,
Fecha de publicación, distribución, etc. 1955.
300 ## - DESCRIPCIÓN FÍSICA
Extensión VIII, 266 p., 4 lám. :
Otras características físicas il. ;
Dimensiones 23 cm.
490 1# - MENCIÓN DE SERIE
Mención de serie La escuela del radiotécnico ;
Designación de volumen o secuencia 15
830 0# - PUNTO DE ACCESO ADICIONAL DE SERIE-TÍTULO UNIFORME
Título uniforme La escuela del radiotécnico ;
Designación de volumen o secuencia 15
9 (RLIN) 187079
852 ## - LOCALIZACIÓN
Ubicación ES-MaACL
Número de control de estantería C-9947
Sublocalización o colección R.37147
Holdings
Estatus retirado Estado de pérdida Estado de daño No para préstamo Biblioteca de origen Biblioteca actual Ubicación en estantería Fecha de adquisición Fuente de adquisición Total de préstamos Signatura topográfica completa Código de barras Visto por última vez Precio de reemplazo Tipo de ítem Koha
        Biblioteca del Ateneo de Madrid Biblioteca del Ateneo de Madrid Sala Palomar 17/01/2008     C-9947 1143157 23/02/2023 23/02/2023 Libro impreso